期刊信息 |
| 索取号 |
I1/MOFASF
|
| 题名 |
MAGAZINE OF FANTASY & SCIENCE FICTION
|
| 作者 |
BARBARA J.NORTON
|
| 分册号 |
|
| 分册名 |
|
| 出版地 |
NEW MILFORD
|
| 出版者 |
Spilogale,Inc.
|
| 标准刊号 |
1095-8258
|
| 出版频率 |
月刊
|
| 中图法分类 |
I1
|
| 主题词 |
文学 世界
|
| 电子资源 | |
| |
|
| 000 | 00602nas0 2200193 45 | |
| 001 | 0758583140 | |
| 005 | 20070416161957.03 | |
| 011 | @a1095-8258 | |
| 100 | @a20070416d km y0chiy0120 ea | |
| 101 | 0 | @aeng |
| 200 | 1 | @aMAGAZINE OF FANTASY & SCIENCE FICTION@fBARBARA J.NORTON |
| 207 | @aMAGAZINE OF FANTASY & SCIENCE FICTION is published monthly except for a combined October/November issue by Spilogale,Inc. | |
| 210 | @aNEW MILFORD@cSpilogale,Inc. | |
| 326 | @a月刊 | |
| 606 | 0 | @a文学@x世界 |
| 690 | @aI1@v4 | |
| 701 | 0 | @aBARBARA J.NORTON |
| 801 | 0 | @aCN@bPFT@c20070416 |
| 905 | @aTJWY@dI1@eMOFASF | |
| MAGAZINE OF FANTASY & SCIENCE FICTION/BARBARA J.NORTON.-MAGAZINE OF FANTASY & SCIENCE FICTION is published monthly except for a combined October/November issue by Spilogale,Inc.-NEW MILFORD:Spilogale,Inc. |
| ISSN 1095-8258 |
| ● |
| 相关链接: |
|
|
|
|